000 00520nam a22001817a 4500
005 20230128124824.0
008 230125b |||||||| |||| 00| 0 eng d
020 _a978-8185731-46-9
041 _aeng
082 _a615.10 SIN-S
100 _aSINGH ,HARKISHAN
_97489
245 _a HISTORY OF PHARMACY IN INDIA RELATED ASPECTS SIR RAM NATH CHOPRA WORK VISION AND LEGACY VOL-7
250 _a1st ed.
260 _bVALLABH PRAKASHAN
_c2010
300 _a266;P.
650 _aPHARMACY
_xD.PHARMA
_97090
942 _cBK
999 _c8212
_d8210